Historia sztuki 3 Renesans i barok

Podrobná bibliografia
Hlavný autor: Alpatov, Michail Vladimirovič (Autor)
Ďalší autori: Kurecka, Maria (Prekladateľ)
Médium: Kniha
Jazyk:poľština
slovenčina
ruština
Fyzický popis:259 s. fotogr. 22 cm
Vydavateľské údaje: Bratislava Tatran 1977
Vydanie:2. wyd.
Predmet:

MARC

LEADER 00000cam a2200000 a 4500
001 vtls001110985
003 SK-MaSNL
005 20260301001452.0
008 250414s1977 xo o gr 00000 pol
015 |a SNBA1977/01 
035 |a SNK000053828 
040 |a SNK  |b slo  |c SNK  |e AACR2 
041 1 |a pol  |a slo  |h rus 
044 |a xo  |c SK 
080 |a 72.034(091)"14/16"(084.11)=84  |2 1981 
080 |a 730.034(091)"14/16"(084.11)=82  |2 1981 
080 |a 75.034(091)"14/16"(084.11)=84  |2 1981 
100 1 |a Alpatov, Michail Vladimirovič  |4 aut  |9 279814 
240 1 0 |a Vseobščaja istorija iskusstv  |l Poľsky 
245 1 0 |a Historia sztuki  |n 3  |p Renesans i barok  |c Michail Vladimirovič Alpatov Maria Kurecka ; [tłumasz. z niem. Maria Kurecka] 
246 1 1 |a Dejiny umenia  |n 3 
246 3 0 |a Renesans i barok 
250 |a 2. wyd. 
260 |a Bratislava  |b Tatran  |c 1977  |e Martin  |f Tlačiarne SNP 
300 |a 259 s.  |b fotogr.  |c 22 cm 
366 |e 20250 výtl. 
500 |a Spoluvyd. Arkady, Warszawa 
500 |a Zozn. ilustr. 
546 |a Súbežný názov v slovenčine 
650 0 7 |a výtvarné umenie  |2 SNKPH  |9 723 
650 0 7 |a barok  |2 SNKPH  |9 3184 
650 0 7 |a renesancia  |2 SNKPH  |9 4038 
650 0 7 |a architektúra  |2 SNKPH  |9 722 
650 0 7 |a sochárstvo  |2 SNKPH  |9 1038 
650 0 7 |a maliarstvo  |2 SNKPH  |9 812 
650 0 7 |a svetové dejiny  |2 SNKPH  |9 4037 
655 7 |a fotografické publikácie  |2 SNKPH  |9 70483 
700 1 |a Kurecka, Maria  |4 trl  |9 279815 
852 |a Slovenská národná knižnica 
958 |a OND 
958 |a TL 
958 |a OP 
999 |c 534975  |d 536905 
952 |a SNK  |b SNK  |y VYP  |7 0  |p 17A1076430  |o snkSC 39764/3 D1  |i snkKSP 303/78  |3 rekatalogizácia  |0 0  |1 0  |4 0  |d 2014-10-21  |l 0  |r 2026-02-23 12:22:19  |w 2026-02-23